| 000 | 01033nam a2200265 a 4500 | ||
|---|---|---|---|
| 001 | 000023335 | ||
| 005 | 20260428112120.0 | ||
| 008 | 101202s1978 cu 000 0 spa d | ||
| 040 |
_aDO-SdBNP _bspa _cBNPHU |
||
| 041 | 1 | 7 |
_aspa _heng _2Código de idiomas MARC |
| 082 |
_a928.73 _bC965J |
||
| 245 | 0 | 0 |
_aRelatos de John Reed / _cSelección de Francisco A. Gómez ; traducción de Lidia Pedreira y Daniel Rey Díaz ; edición de Consuelo Casanova. |
| 260 |
_aLa Habana, Cuba : _bCiencia Sociales, _c1978. |
||
| 300 |
_a316 p. ; _c18 cm. |
||
| 504 | _aIncluye referencias bibliográficas y notas al pie de las páginas. | ||
| 590 | _aPerteneció a la biblioteca personal de Juan Isidro Jimenes Grullón | ||
| 610 | 1 | 4 |
_aREED, JOHN, _y1887-1920 _xRELATOS _948064 |
| 650 | 4 |
_aCuentos estadounidenses _93514 |
|
| 650 | 0 |
_aReportajes _955 |
|
| 700 | 1 |
_aGómez, Francisco A., _948065 |
|
| 700 | 1 |
_aPedreira, Lidia, _etr. _948066 |
|
| 700 | 1 |
_aRey Díaz, Daniel, _etr. _948067 |
|
| 700 | 1 |
_aCasanova, Consuelo, _eed. _98637 |
|
| 049 | _aBNGR | ||
| 999 |
_c22832 _d22832 |
||